|
|
|
|
| LEADER |
00000nam2a2200000 4500 |
| 001 |
113186 |
| 005 |
20231031121735.0 |
| 035 |
|
|
|a (RuTPU)RU\TPU\book\122422
|
| 035 |
|
|
|a RU\TPU\book\114195
|
| 090 |
|
|
|a 113186
|
| 100 |
|
|
|a 20070406d1974 km y0rusy50 ca
|
| 101 |
0 |
|
|a rus
|
| 102 |
|
|
|a RU
|
| 105 |
|
|
|a y g 001zy
|
| 200 |
0 |
|
|a Т. 6: Термодинамика селена и селенидов, теллура и теллуридов
|
| 210 |
|
|
|d 1974
|
| 215 |
|
|
|a 312 с.
|
| 320 |
|
|
|a Библиогр.: с. 289-312.
|
| 461 |
|
1 |
|0 (RuTPU)RU\TPU\book\101746
|t Химическая термодинамика в цветной металлургии
|o справочное руководство: в 8 т.
|f Я. И. Герасимов, А. Н. Крестовников, С. И. Горбов
|v Т. 6: Термодинамика селена и селенидов, теллура и теллуридов
|d 1960-1974
|
| 610 |
1 |
|
|a химическая термодинамика
|
| 610 |
1 |
|
|a справочники
|
| 610 |
1 |
|
|a цветная металлургия
|
| 610 |
1 |
|
|a соединения
|
| 675 |
|
|
|a 621.7м2(035)
|v 3
|
| 801 |
|
1 |
|a RU
|b 63413507
|c 20061122
|g PSBO
|
| 801 |
|
2 |
|a RU
|b 63413507
|c 20160610
|g PSBO
|
| 942 |
|
|
|c BK
|